Normal view
MARC view
- Mihalca, Loredana.
Entry Personal Name
001 - CONTROL NUMBER
- control field: 48569
003 - CONTROL NUMBER IDENTIFIER
- control field: OSt
005 - DATE AND TIME OF LATEST TRANSACTION
- control field: 20230704163433.0
008 - FIXED-LENGTH DATA ELEMENTS
- fixed length control field: 230704|| aca||aabn | a|a d
040 ## - CATALOGING SOURCE
- Original cataloging agency: OSt
- Transcribing agency: OSt
100 ## - HEADING--PERSONAL NAME
- Personal name: Mihalca, Loredana.
- Relator term: author.
670 ## - SOURCE DATA FOUND
- Source citation: Work cat.: (OSt): Mihalca, Loredana. author., Effects of induced levels of prior knowledge on monitoring accuracy and performance when learning from self-regulated problem solving /, May 2020.
